000 01069nac a22003137a 4500
001 BR9300952
003 BR-BrBNA
005 20240105121421.0
008 230509b bl.|||m| |||| 00| 0 por d
040 _aBR-BrBNA
_bpor
_cBiblioteca Nacional de Agricultura
072 _aF62
090 _a1060 BR9300952
100 1 _aSacramento, C.K. do
100 1 _aCoelho, Y. da S.
100 1 _aAidar, T.
110 1 _aCentro Nacional de Pesquisa de Mandioca e Fruticultura Tropical, Cruz das Almas, BA (Brasil)
245 1 _aMaturacao das laranjas bahia, pera, natal e valencia (Citrus sinensis Osbeck)na regiao sul do Estado da Bahia
260 3 _aCruz das Almas, BA (Brasil):
_c1993.
300 _a5 p.
490 _aComunicado Tecnico - Centro Nacional de Pesquisa de Mandioca e Futicultura Tropical (Brazil)
_vno. 27
_xISSN 0100-8854
500 _a9 ref.
650 _aLaranja
650 _aLaranja Baia
650 _aLaranja Pera
650 _aMaturacao
650 _aBahia
909 _a202312
_bLúcia Elande
_c55
_dLúcia Elande
942 _2AGRIS
_n0
_cMS
999 _c285180
_d285180